000
00256nam a2200097Ia 4500
001
643326
005
20250826153543.0
008
250824s9999 xx 000 0 und d
245
0
_a
BARBAROSSA GİZEMLİ HAZİNE
_c
MEHMET ATILGAN ASLAN
260
_b
GENÇ TİMAŞ
999
_c
643326
_d
643326